| 000 | 01186cam a2200289 a 4500 | ||
|---|---|---|---|
| 001 | 11915514 | ||
| 005 | 20160919173550.0 | ||
| 008 | 000217s2001 maua b 001 0 eng | ||
| 010 | _a 00025750 | ||
| 020 | _a0-07-234681-7 | ||
| 040 |
_aDLC _cDLC _dDLC |
||
| 050 | 0 | 0 |
_aQA39.2 _b.B476 2001 |
| 082 | 0 | 0 |
_aDC 510 _22001 _bB44m |
| 100 | 1 | _aBennett, Albert B. | |
| 245 | 1 | 0 |
_aMathematics for elementary teachers : _ba conceptual approach / _cAlbert B. Bennett, Jr., L. Ted Nelson. |
| 250 | _aFifth Edition | ||
| 260 |
_aBoston : _bMcGraw-Hill, _cc2001. |
||
| 300 |
_axii, 868 pages: _billustrations ; _c27 cm. |
||
| 504 | _aIncludes bibliographical references and index. | ||
| 650 | 0 | _aMathematics. | |
| 700 | 1 | _aNelson, Leonard T. | |
| 856 | 4 | 2 |
_3Publisher description _uhttp://www.loc.gov/catdir/description/mh021/00025750.html |
| 856 | 4 | 1 |
_3Table of contents _uhttp://www.loc.gov/catdir/toc/mh021/00025750.html |
| 906 |
_a7 _bcbc _corignew _d1 _eocip _f20 _gy-gencatlg |
||
| 942 |
_2ddc _cDC |
||
| 999 |
_c4674 _d4674 |
||